UBT Library

ORGANIC REACTIONS (Record no. 11959)

000 -LEADER
fixed length control field 00255nam a22001217a 4500
008 - FIXED-LENGTH DATA ELEMENTS--GENERAL INFORMATION
fixed length control field 170425b xxu||||| |||| 00| 0 eng d
041 ## - LANGUAGE CODE
Language code of text/sound track or separate title eng
080 ## - UNIVERSAL DECIMAL CLASSIFICATION NUMBER
Universal Decimal Classification number 547
100 ## - Rafti
Rafti 12
101 ## - Shkurtesa
Shkurtesa SHM
245 ## - TITLE STATEMENT
Title ORGANIC REACTIONS
Statement of responsibility, etc ADAMS.R
942 ## - ADDED ENTRY ELEMENTS (KOHA)
Source of classification or shelving scheme
Item type Books
Holdings
Withdrawn status Lost status Source of classification or shelving scheme Damaged status Not for loan Collection code Permanent location Current location Shelving location Date acquired Total Checkouts Full call number Barcode Date last seen Price effective from Koha item type
          Koleksioni i përgjithshem UBT - Lipjan UBT - Lipjan Koleksioni i përgjithshem 04/25/2017   547 ADA 002-282619 04/25/2017 04/25/2017 Books
          Koleksioni i përgjithshem UBT - Lipjan UBT - Lipjan Koleksioni i përgjithshem 04/25/2017   547 ADA 002-282614 04/25/2017 04/25/2017 Books
UBT Library © 2015-2024. All rights reserved University Education for Business and Technology